00404 a2200145 4500020001500000040001300015082001300028100002300041245005500064250001200119260004800131300003400179650002300213700002200236 a0618433899 aDLCbDLC a808.06661 aRiordan, Daniel G.10aTechnical report writing today cDaniel G. Riordan a9th ed. aBoston :bHoughton Mifflin Company,cc2005. axxx, 606 p. :bill. ;c24 cm. 0aTechnical writing.1 aPauley, Steven E.